00818nam a2200229Ia 4500003000900000008004100009020001700050040001600067080001600083100002600099245010900125260003300234300001400267490006800281650004100349650002600390650001000416700002300426942000700449999001500456952011700471IN-BaIIA211028s9999 xx 000 0 eng d a008-015827-7 cIIA Library a523.31bJOR aJordan, Pascual97378 4aThe Expanding earthbsome consequences of Dirac's gravitation hypothesiscPascual Jordan and Arthur Beer aOxfordbPergamon Pressc1971 axv, 202p. aInternational series of monographs in natural philosophy; v. 37 aAstronomy and Astrophysics Thesaurus aDirac Cosmology97379 aEarth aBeer, Arthur94071 cBK c4200d4200 00104070aBANbBANcGENd1973-04-23g95.00l0o523.31/ JORp4690r2021-11-05v95.00w1973-04-23yBKGRs. 95.00